rappeurs marseillais - Statistiques

Statistiques générales
  • Ce quiz a été pris 413 fois
  • Le résultat moyen est 10 sur 30
Statistiques - réponses
Auditeurs Artistes % Correct
7 560 595 Jul
100%
4 032 489 Sch
97%
4 057 730 Naps
86%
1 960 963 Soso maness
75%
2 657 370 Alonzo
72%
2 045 139 Soprano
64%
1 930 704 Kofs
63%
1 392 602 Elams
50%
758 933 IAM
47%
446 592 Le rat luciano
42%
1 201 226 L'algérino
41%
433 474 Akhenaton
32%
566 324 TK
31%
205 309 100 blaze
22%
803 756 Graya
22%
753 531 Zamdane
19%
302 307 Fonky family
17%
830 891 Gambino
17%
581 858 Thabiti
17%
167 173 Kenny arkana
15%
276 217 Psy 4 de la rime
15%
53 985 Guirri mafia
13%
270 122 Ghetto phénomène
11%
42 375 Faf larage
10%
101 234 Dibson
8%
46 226 El matador
7%
80 894 Le 3eme oeil
7%
41 728 R.E.D.K
7%
449 458 Deen burbigo
6%
210 193 Kemmler
5%
Aucun quiz correspondant
Distribution des résultats
% des personnes avec chaque résultat
Percentile par nombre de réponses
Votre historique - résultats
Vous n’avez pas pris ce quiz